Największe miasta w Polsce na literę I - Statystyki

Ogólne statystyki
  • Ten quiz został rozwiązany 6 081 razy
  • Średni wynik to 2 z 5
Statystyki odpowiedzi
Rank. Liczba mieszańców Województwo Miasto % Poprawnych
1. 72.561 kujawsko-pomorskie Inowrocław
94%
2. 33.327 warmińsko-mazurskie Iława
84%
3. 9.189 śląskie Imielin
25%
4. 4.727 mazowieckie Iłża
23%
5. 3.874 lubuskie Iłowa
14%
Nie znaleziono quizów pasujących do podanych kryteriów
Rozkład punktacji
Procent ludzi z każdym wynikiem
Percentyl według liczby udzielonych odpowiedzi
Twoja historia wyników
Nie rozwiązałeś tego quizu